| 000 | 00991pam a2200313 a 4500 | ||
|---|---|---|---|
| 001 | 2926543 | ||
| 003 | OSt | ||
| 005 | 20140310181652.0 | ||
| 008 | 891018s1990 mau j 000 1 eng | ||
| 010 | _a 89024707 | ||
| 020 | _a0440404975 | ||
| 040 |
_aDLC _cDLC _dDLC |
||
| 042 | _alcac | ||
| 050 | 0 | 0 |
_aPZ 7 _b.L921 1991 |
| 082 | 0 | 0 |
_aKF _bL95y 1990 |
| 100 | 1 |
_aLowry, Lois. _93746 |
|
| 245 | 1 | 0 |
_aYour move, J.P.! / _cLois Lowry. |
| 260 |
_aNew York : _bDell Publishing, _cc1990. |
||
| 300 |
_a122 p. ; _c22 cm. |
||
| 541 | _j1 | ||
| 562 | _e1 | ||
| 650 | 1 |
_aInterpersonal relations _xFiction. _96250 |
|
| 650 | 1 |
_aHonesty _xFiction. _96251 |
|
| 650 | 1 |
_aSchools _xFiction. _96252 |
|
| 856 | 4 | 2 |
_3Publisher description _uhttp://www.loc.gov/catdir/description/hm021/89024707.html |
| 856 | 4 | 2 |
_3Contributor biographical information _uhttp://www.loc.gov/catdir/enhancements/fy0737/89024707-b.html |
| 906 |
_a7 _bcbc _corignew _d1 _eocip _f19 _gy-gencatlg |
||
| 942 |
_2lcc _cBK-KF _kKF |
||
| 999 |
_c1023 _d1023 |
||